[Event "Montigny le Bretonneux op 25th"]
[Site "Montigny le Bretonneux"]
[Date "2023.05.18"]
[Round "3"]
[White "Kissian, Pascal"]
[Black "Bozier, Teodor"]
[Result "1-0"]
[WhiteElo "1523"]
[BlackElo "1213"]
[PlyCount "81"]
[EventDate "2023.05.18"]
[EventType "swiss"]
[EventRounds "9"]
[EventCountry "FRA"]
[SourceTitle "CBM 214 Extra"]
[Source "ChessBase"]
[SourceDate "2023.07.31"]
[SourceVersion "1"]
[SourceVersionDate "2023.07.31"]
[SourceQuality "1"]

1. d4 d5 2. Bg5 h6 3. Bh4 Bf5 4. e3 Nf6 5. Nf3 e6 6. Nbd2 Be7 7. c3 Ne4 8. Bg3 Nxg3 9. hxg3 c5 10. Bb5+ Nc6 11. Ne5 Qb6 12. Qa4 Rc8 13. Bxc6+ bxc6 14. b3 0-0 15. f3 Bd6 16. Nd7 Qc7 17. Nxf8 Bxg3+ 18. Ke2 Rxf8 19. f4 Bg4+ 20. Nf3 cxd4 21. cxd4 a5 22. Rac1 Rc8 23. Rc5 f6 24. Rhc1 Qa7 25. Rxc6 Rxc6 26. Qxc6 Kh8 27. Rc5 Qb8 28. Qc8+ Qxc8 29. Rxc8+ Kh7 30. Kd2 g5 31. fxg5 hxg5 32. Rc5 a4 33. b4 Bd6 34. Rb5 Kg6 35. a3 Kf5 36. Rb6 Bc7 37. Ra6 e5 38. Rxa4 exd4 39. Nxd4+ Ke4 40. Ne2 f5 41. b5+ 1-0

[Event "Montigny le Bretonneux op 25th"]
[Site "Montigny le Bretonneux"]
[Date "2023.05.18"]
[Round "1"]
[White "Kissian, Pascal"]
[Black "Nguyen, Alexandre"]
[Result "1-0"]
[WhiteElo "1523"]
[BlackElo "1199"]
[PlyCount "44"]
[EventDate "2023.05.18"]
[EventType "swiss"]
[EventRounds "9"]
[EventCountry "FRA"]
[SourceTitle "CBM 214 Extra"]
[Source "ChessBase"]
[SourceDate "2023.07.31"]
[SourceVersion "1"]
[SourceVersionDate "2023.07.31"]
[SourceQuality "1"]

1. d4 Nf6 2. Bg5 d5 3. Nf3 g6 4. e3 Bg7 5. Nbd2 0-0 6. c4 c6 7. cxd5 cxd5 8. Bd3 Nc6 9. a3 Bd7 10. 0-0 Rc8 11. Qb3 e6 12. Ne5 h6 13. Bh4 g5 14. Bg3 b6 15. Nxd7 Qxd7 16. Nf3 Na5 17. Qa2 Nc4 18. b3 Na5 19. Rac1 Qe7 20. b4 Nb7 21. Ba6 Rxc1 22. Rxc1 Nd6 1-0

[Event "Saint Quentin op 5th"]
[Site "Saint Quentin"]
[Date "2002.??.??"]
[Round "1"]
[White "Forget, Cyril"]
[Black "Kissian, Pascal"]
[Result "1-0"]
[WhiteElo "1890"]
[BlackElo "1340"]
[PlyCount "59"]
[EventDate "2002.04.21"]
[EventType "swiss"]
[EventRounds "9"]
[EventCountry "FRA"]
[SourceTitle "CBM 088 Extra"]
[Source "ChessBase"]
[SourceDate "2002.07.01"]
[SourceVersion "2"]
[SourceVersionDate "2002.07.01"]
[SourceQuality "1"]

1. e4 e6 2. d4 d5 3. Nd2 dxe4 4. Nxe4 b6 5. Bb5+ c6 6. Ba4 b5 7. Bb3 Bb7 8. Nf3 Nf6 9. Bg5 Be7 10. Bxf6 Bxf6 11. Nxf6+ Qxf6 12. c3 0-0 13. Qd3 Nd7 14. Bc2 g6 15. 0-0-0 a6 16. h4 Nb6 17. h5 Rfd8 18. hxg6 fxg6 19. Ne5 Nd5 20. Qh3 Qg7 21. Qxe6+ Kf8 22. Bxg6 Nf4 23. Qf5+ Ke7 24. Rxh7 Qxh7 25. Bxh7 Rf8 26. Nf7 Rxf7 27. Re1+ Kf8 28. Qc5+ Kg7 29. Qg5+ Kf8 30. Qg8# 1-0

[Event "Saint Quentin op 5th"]
[Site "Saint Quentin"]
[Date "2002.??.??"]
[Round "5"]
[White "Habunek, Patrick"]
[Black "Kissian, Pascal"]
[Result "1-0"]
[WhiteElo "1450"]
[BlackElo "1340"]
[PlyCount "125"]
[EventDate "2002.04.21"]
[EventType "swiss"]
[EventRounds "9"]
[EventCountry "FRA"]
[SourceTitle "CBM 088 Extra"]
[Source "ChessBase"]
[SourceDate "2002.07.01"]
[SourceVersion "2"]
[SourceVersionDate "2002.07.01"]
[SourceQuality "1"]

1. e4 e6 2. d4 d5 3. e5 c5 4. c3 Nc6 5. Nf3 Qb6 6. a3 Nge7 7. dxc5 Qxc5 8. b4 Qb6 9. Be3 Qc7 10. Bd4 Nf5 11. Be2 Nfxd4 12. cxd4 Be7 13. Nbd2 Qb6 14. Nb3 0-0 15. 0-0 Qd8 16. Rc1 Bd7 17. Qd3 b6 18. Nbd2 a5 19. b5 Na7 20. a4 Rc8 21. Nb1 Bb4 22. Rc2 Rxc2 23. Qxc2 Qe7 24. Qc7 Bc8 25. Qxb6 Qb7 26. Qxb7 Bxb7 27. Rc1 Rc8 28. Rxc8+ Nxc8 29. Kf1 Nb6 30. Bd1 Nc4 31. Ke2 Kf8 32. Nfd2 Ke7 33. Kd3 Nb2+ 34. Ke2 f6 35. f4 Nxd1 36. Kxd1 fxe5 37. fxe5 Bc8 38. Ke2 Bd7 39. Nb3 Kd8 40. Nc5 Bxc5 41. dxc5 Kc7 42. Kd3 Be8 43. Kd4 Bg6 44. Nc3 Bf5 45. g3 g5 46. h4 h6 47. c6 Kb6 48. Nxd5+ exd5 49. Kxd5 Bc2 50. e6 Bxa4 51. e7 Bb3+ 52. Kd6 Bf7 53. Kd7 a4 54. c7 Bg6 55. c8Q Bf5+ 56. Kd8 Bxc8 57. Kxc8 a3 58. e8Q gxh4 59. gxh4 h5 60. Qe3+ Ka5 61. Qxa3+ Kb6 62. Qb4 Ka7 63. Qa5# 1-0